| 000 | 01487nam a2200409 c 4500 | ||
|---|---|---|---|
| 001 | 22232 | ||
| 003 | ES-MaCES | ||
| 005 | 20141221122755.0 | ||
| 008 | 090710s2009 sp d t o000 | spa d | ||
| 017 |
_aM 25492-2009 _bDL |
||
| 020 | _a9788489116504 | ||
| 035 | _aCES20090006680m | ||
| 040 |
_aES-MaCES _bspa _cES-MaCES |
||
| 100 | 1 |
_aMonasterio Escudero, Carlos _918811 |
|
| 245 | 1 | 0 |
_aDos ensayos sobre financiación autonómica _cCarlos Monasterio Escudero, Ignacio Zubiri Oria |
| 260 |
_aMadrid _bFundación de las Cajas de Ahorros (FUNCAS) _c[2009] |
||
| 300 |
_a249 p. _c24 cm |
||
| 490 | 1 |
_aEstudios de la Fundación _v40. Serie economía y sociedad |
|
| 504 | _aBibliografía: p. 247-249 | ||
| 541 | _cCompra | ||
| 650 | 4 |
_afinanciación _928125 |
|
| 650 | 4 |
_agobierno regional _929907 |
|
| 650 | 4 |
_aComunidades Autónomas _930768 |
|
| 650 | 4 |
_adescentralización _927218 |
|
| 650 | 4 |
_atransferencia de competencias _930889 |
|
| 650 | 4 |
_aadministración fiscal _927209 |
|
| 650 | 4 |
_aadministración financiera _927208 |
|
| 650 | 4 |
_aEspaña _926964 |
|
| 650 | 4 |
_aanálisis económico _927070 |
|
| 653 | 1 | 0 | _aAdministración-Instituciones públicas |
| 700 | 1 |
_aZubiri Oria, Ignacio _926613 |
|
| 710 | 2 |
_aFundación de las Cajas de Ahorros _eed. _93800 |
|
| 830 | 0 |
_aEstudios de la Fundación de las Cajas de Ahorros _pSerie Economía y sociedad _v40 _934278 |
|
| 902 | _aLIB Libro | ||
| 942 |
_2CES _cBK _h6.3. |
||
| 999 |
_c22232 _d22232 |
||